Đạo giáo với văn hóa Việt Nam
Đã lưu trong:
| Príomhúdar: | |
|---|---|
| Formáid: | Leabhar |
| Teanga: | Vietnamese |
| Foilsithe: |
H.
Hà Nội
2001
|
| Clibeanna: |
Cuir Clib Leis
Gan Chlibeanna, Bí ar an gcéad duine leis an taifead seo a chlibeáil!
|
| Thư viện lưu trữ: | Mạng thư viện Đại học Đà Nẵng |
|---|
| LEADER | 00876nam a2200277 4500 | ||
|---|---|---|---|
| 001 | 000014953 | ||
| 003 | 11323 | ||
| 005 | 20120517090529.0 | ||
| 008 | 120517s2001 viesd | ||
| 020 | |c 24000 | ||
| 041 | 0 | |a vie | |
| 082 | |a 306.6 |b NG-D | ||
| 100 | 0 | |a Nguyễn Đăng Duy | |
| 245 | 0 | |a Đạo giáo với văn hóa Việt Nam |c Nguyễn Đăng Duy | |
| 260 | |a H. |b Hà Nội |c 2001 | ||
| 300 | |a 277 tr. |c 19 cm | ||
| OWN | |a LSP | ||
| AVA | |a UDN50 |b LSP |d 306.6 NG-D |e available |t Error 5001 Not defined in file expand_doc_bib_avail. |f 3 |g 0 |h N |i 0 |k 1 | ||
| 999 | |a From the UDN01 | ||
| AVA | |a UDN50 |b LSP |d 306.6 NG-D |e available |t Error 5001 Not defined in file expand_doc_bib_avail. |f 3 |g 0 |h N |i 0 |k 1 | ||
| TYP | |a Monograph | ||
| TYP | |a Printed language | ||
| 980 | |a Mạng thư viện Đại học Đà Nẵng | ||